| 000 | 00669nam a2200181Ia 4500 | ||
|---|---|---|---|
| 008 | 100917s9999 xx 000 0 und d | ||
| 082 | _b47903 | ||
| 100 | _aरजनीश | ||
| 245 | _aनारदाची भक्तसिूत्रं भा. 2 रा. | ||
| 260 |
_bजीवन जागृती केंद्र प्रकाशन _c1977 |
||
| 300 | _a64 | ||
| 365 | _b4 | ||
| 520 | _aअध्यात्म | ||
| 630 | _aनारदाची भक्तसिूत्रं भा. 2 रा. | ||
| 650 | _aअध्यात्म | ||
| 730 | _aनारदाची भक्तसिूत्रं भा. 2 रा. | ||
| 942 | _cBOOK | ||
| 999 |
_c653297 _d653294 |
||